000 00580cab a22001935a 4500
001 L148338
008 090907s2009 xxko f 000 0 eng d
035 _a(Sirsi) u148338
041 0 _aeng
100 1 _aBailey, Alison
245 0 0 _aStick or twist?
260 _c2009
490 _aSolicitors Journal
_v153 (21) June 2009, 11-12 (2)
520 _aProvides advice on possible strategies to adopt by landowners concerned about falls in the value of development land.
590 _aKA
651 4 _aUnited Kingdom
_y
690 _aPROPERTY-PROPERTY DEVELOPMENT
942 _n0
999 _c81796
_d81796